000 00702cam a2200241 a 4500
001 000014691
005 20250314135209.0
008 930416s1994 sp 001 0 spa
020 _a8434411091
040 _aDO-SdBNP
_cDLC
082 _a320.01
_bS266p, 1994
100 1 _aSavater, Fernando
_d1947-
_q(Fernando Fernández-Savater Martín)
_933300
245 1 0 _aPolítica para Amador /
_cFernando Savater.
250 _a9a ed.
260 _aBarcelona :
_bAriel,
_c1994.
300 _a237 p. ;
_c20 cm.
490 1 _aAriel
_v112
650 0 _aCiencia política
_95772
650 4 _aTeoría política
_933301
830 0 _aAriel ;
_v112
_933302
910 _aCatalogación derivada
049 _aBNGR
999 _c14274
_d14274